000 00752nam a2200229 i 4500
001 92397
003 ES-MaACL
005 20251009195331.0
007 t|
008 050307s1968 mx |||| | spa d
100 1 _aLinares, Agustín.
_972327
245 1 4 _aLos toros en España y México /
_cAgustín Linares; prólogo de Carlos Arruza ; viñetas de Antonio Ferrer.
250 _a1ª ed.
260 _a[México] :
_b[Imp. Vilar y Trillas],
_c1968.
300 _a515 p. :
_bil. ;
_c33 cm.
650 0 4 _aGanaderías de toros de lidia.
_9163235
650 4 _aToreros-
_zMéxico-
_vBiografías.
_9161957
700 1 _aArruza, Carlos.
_923404
700 1 _aFerrer, Antonio,
_dn. 1899
_9161893
852 _aES-MaACL
_jA-5560
999 _c92397
_d92397